[Event "Open"]
[Site "Eforie Nord ROU"]
[Date "2010.06.25"]
[Round "9"]
[White "Dragomirescu,C"]
[Black "Beinoras,M"]
[Result "1-0"]
[WhiteElo "2213"]
[BlackElo "2386"]

1.Nf3 d5 2.d4 c5 3.c4 dxc4 4.e3 e6 5.Bxc4 Nc6 6.dxc5 Qxd1+ 7.Kxd1 Bxc5 8.a3 Nf6
9.b4 Bd6 10.Bb2 a5 11.b5 Nb8 12.Ke2 Nbd7 13.Rd1 Ke7 14.Nbd2 Nc5 15.a4 Nfd7
16.Bxg7 Rg8 17.Bh6 Nb6 18.Kf1 Nbxa4 19.Bg5+ f6 20.Bh4 Rd8 21.Rxa4 Nxa4 22.Ne4 Bc7
23.Bxf6+ Ke8 24.Bxd8 Bxd8 25.Bb3 Nb6 26.Nfg5 Bxg5 27.Nxg5 Ke7 28.Nxh7 Bd7
29.Ng5 Bxb5+ 30.Kg1 Nd5 31.Ne4 a4 32.Ba2 Rc8 33.h4 Nb4 34.Rb1 Nxa2 35.Rxb5 Rc7
36.h5 Nc1 37.h6 Kf8 38.Nf6 a3 39.h7 Rxh7 40.Nxh7+ Kg7 41.Rxb7+  1-0

[Event "IsBank TCh-TUR"]
[Site "Konya TUR"]
[Date "2010.06.29"]
[Round "1"]
[White "Tsatsalashvili,K"]
[Black "Yildiz,B"]
[Result "1/2-1/2"]
[WhiteElo "2257"]
[BlackElo "2229"]

1.d4 d5 2.c4 dxc4 3.Nf3 c5 4.e3 cxd4 5.exd4 Be6 6.Na3 Nc6 7.Bxc4 Bxc4 8.Nxc4 e6
9.O-O Nf6 10.Nce5 Qd5 11.Nxc6 Qxc6 12.Bg5 Be7 13.Rc1 Qb5 14.Bxf6 gxf6 15.Rc7 Bd6
16.Rc2 Qd5 17.Qd3 O-O 18.Nd2 f5 19.Nc4 Rfd8 20.Rd1 Bf8 21.Ne3 Qxa2 22.b3 Qa5
23.Qe2 Rac8 24.Rxc8 Rxc8 25.d5 Rd8 26.Qc4 Bc5 27.Nc2 Rxd5 28.Rxd5 exd5 29.Qd3 f4
30.g3 Qc7 31.Ne1 fxg3 32.hxg3 Qe5 33.Kf1 a6 34.Qc2 Qd6 35.Nd3 Bb6 36.Qc8+ Bd8
37.Qxb7 a5 38.Qc8 Kf8 39.Qf5 d4 40.Qxh7 Qd5 41.Qh8+ Ke7 42.Qe5+ Qxe5 43.Nxe5 Ke6
44.Nd3 Kd5 45.Ke2 Bc7 46.g4 f6 47.f3 Bg3 48.Nb2 Bc7 49.Nd3 Bd6 50.Ne1 Ke5
51.Ng2 Bc5 52.Kd3 Be7 53.f4+ Kd5 54.Nh4 Bd6 55.Ng2 Be7 56.Nh4 Bd6 57.Ng2 Be7  1/2-1/2

[Event "IsBank TCh-TUR"]
[Site "Konya TUR"]
[Date "2010.07.01"]
[Round "4"]
[White "Arutinian,D"]
[Black "Heberla,B"]
[Result "1/2-1/2"]
[WhiteElo "2566"]
[BlackElo "2532"]

1.d4 d5 2.c4 dxc4 3.Nf3 a6 4.e3 b5 5.a4 Bb7 6.b3 e6 7.axb5 axb5 8.Rxa8 Bxa8
9.bxc4 bxc4 10.Bxc4 Nf6 11.O-O Be7 12.Ba3 Nbd7 13.Bxe7 Qxe7 14.Nbd2 c5 15.Qa1 O-O
16.Rc1 cxd4 17.Qxd4 Rd8 18.Bf1 Nf8 19.Qc5 Qxc5 20.Rxc5 Bb7 21.h3 Rc8 22.Rxc8 Bxc8
23.Ne5 N8d7 24.Nxd7 Bxd7 25.Nf3 Kf8 26.Bd3 Bc6 27.Ne5 Bb7 28.f3 Ke7 29.Kf2 h6
30.h4 Nd7  1/2-1/2

[Event "IsBank TCh-TUR"]
[Site "Konya TUR"]
[Date "2010.07.07"]
[Round "12"]
[White "Kozhuharov,S"]
[Black "Heberla,B"]
[Result "1/2-1/2"]
[WhiteElo "2404"]
[BlackElo "2532"]

1.d4 d5 2.c4 dxc4 3.Nf3 a6 4.e3 b5 5.a4 Bb7 6.b3 e6 7.axb5 axb5 8.Rxa8 Bxa8
9.bxc4 bxc4 10.Bxc4 Nf6 11.O-O Be7 12.Qa4+ Nbd7 13.Ne5 O-O 14.Nc6 Bxc6 15.Qxc6 Nb8
16.Qb7 Nbd7 17.Qc6 Nb8 18.Qb7 Nbd7  1/2-1/2

[Event "ch-TUR w"]
[Site "Konya TUR"]
[Date "2010.07.14"]
[Round "9"]
[White "Ozturk,Ku"]
[Black "Yildiz,B"]
[Result "1/2-1/2"]
[WhiteElo "2286"]
[BlackElo "2235"]

1.d4 d5 2.c4 dxc4 3.Nf3 a6 4.e3 b5 5.a4 Bb7 6.b3 e6 7.bxc4 bxc4 8.Bxc4 Nf6
9.Qb3 Bxf3 10.gxf3 c5 11.dxc5 Bxc5 12.Ba3 Qa5+ 13.Nd2 O-O 14.Bxc5 Qxc5 15.O-O Nbd7
16.Rfc1 Qg5+ 17.Kh1 Qh4 18.Kg1 Qg5+ 19.Kh1 Qh4 20.Kg1 Qg5+ 21.Kh1 Qh4 22.Kg1  1/2-1/2

[Event "Corporation Centre Cup"]
[Site "Izhevsk RUS"]
[Date "2010.07.15"]
[Round "1"]
[White "Arzamastsev,A"]
[Black "Skomorokhin,R"]
[Result "1/2-1/2"]
[WhiteElo "2132"]
[BlackElo "2436"]

1.d4 d5 2.c4 dxc4 3.Nf3 a6 4.e3 Nf6 5.Bxc4 e6 6.O-O c5 7.a4 Nc6 8.Nc3 Be7
9.Qe2 cxd4 10.Rd1 e5 11.exd4 exd4 12.Nxd4 Nxd4 13.Qe5 Qd6 14.Qxd4 Qxd4 15.Rxd4 Bc5
16.Rd1 O-O 17.h3 Be6 18.Bxe6 fxe6 19.Be3 Be7 20.Rac1 Rac8 21.f3 Rc4 22.b3 Rc6
23.Ne4 Rfc8 24.Rxc6 Rxc6 25.Rc1 Nd5 26.Rxc6 bxc6 27.Kf2 Kf7 28.Ke2 e5 29.Bd2 Ke6
30.Kd3 h6 31.Kc4 Nb6+ 32.Kd3 Nd5 33.a5 Nf6 34.Kc4 Nxe4 35.fxe4 h5 36.g4 hxg4  1/2-1/2

[Event "85th ch-FRA"]
[Site "Belfort FRA"]
[Date "2010.08.11"]
[Round "3"]
[White "Cornette,M"]
[Black "Degraeve,JM"]
[Result "1-0"]
[WhiteElo "2543"]
[BlackElo "2569"]

1.d4 d5 2.Nf3 c5 3.c4 dxc4 4.e3 cxd4 5.Bxc4 Qc7 6.Bb3 dxe3 7.Bxe3 e6 8.O-O Nf6
9.Nc3 Nc6 10.Nb5 Qa5 11.Nfd4 Nxd4 12.Qxd4 Bd7 13.Nd6+ Bxd6 14.Qxd6 Qd8 15.Rfd1 Qe7
16.Qg3 Bc6 17.Rac1 h5 18.f3 h4 19.Qxg7 Rh7 20.Qg5 Rh5 21.Qf4 a6 22.Bf2 Nd7
23.Re1 Qf6 24.Qd6 e5 25.Qxf6 Nxf6 26.Rc4 h3 27.g4 Rh7 28.Rxe5+ Kf8 29.Bc5+ Kg8
30.Rg5+ Rg7 31.Rxg7+ Kxg7 32.Bd4  1-0

[Event "Negroponte Open"]
[Site "Chalkis GRE"]
[Date "2010.08.11"]
[Round "3"]
[White "Graf,A"]
[Black "Danielian,E"]
[Result "1-0"]
[WhiteElo "2590"]
[BlackElo "2431"]

1.d4 d5 2.c4 dxc4 3.Nf3 a6 4.e3 b5 5.a4 Bb7 6.b3 e6 7.bxc4 bxc4 8.Bxc4 Nf6
9.O-O c5 10.Ba3 Nbd7 11.Nbd2 Be7 12.Rb1 Bd5 13.Qe2 cxd4 14.Bxe7 Qxe7 15.Nxd4 O-O
16.Rfc1 Bxc4 17.Qxc4 Nd5 18.Nc6 Qg5 19.Nf3 Qh5 20.Rb7 N7f6 21.Nce5 h6 22.h4 Qf5
23.g4 Qe4 24.g5 Qxc4 25.Rxc4 Nh7 26.gxh6 Rab8 27.Ra7 Ra8 28.Rxa8 Rxa8 29.hxg7 Rb8
30.e4 Nf4 31.Rc7 Nf6 32.Rxf7 Rb1+ 33.Kh2 Ng4+ 34.Kg3 Nxe5 35.Rxf4 Nd3 36.Rf6 Kxg7
37.Rxe6 Rb3 38.Nd4 Ra3 39.Rd6 a5 40.f3 Kf7 41.h5 Rxa4 42.Nc6 Nc5 43.Ne5+ Kg7
44.Rc6 Nxe4+ 45.fxe4 Rxe4 46.Rc7+ Kg8 47.Ng6 Re6 48.Kg4 a4 49.Kg5  1-0

[Event "XI Miquel Mas Open"]
[Site "Figueres ESP"]
[Date "2010.08.13"]
[Round "3"]
[White "Pinsach Gelabert,A"]
[Black "Prats Rodriguez,J2"]
[Result "1/2-1/2"]
[WhiteElo "1735"]
[BlackElo "2106"]

1.d4 d5 2.c4 dxc4 3.Nf3 a6 4.e3 Nf6 5.Bxc4 b5 6.Bd3 Bb7 7.O-O e6 8.Qe2 c5
9.dxc5 Bxc5 10.Bxb5+ Nbd7 11.Bd3 O-O 12.Rd1 Qb6 13.Nc3 Bc6 14.a3 Rfd8 15.b4 Bf8
16.Bb2 g6 17.Nd4 Bb7 18.Rac1 a5 19.Na4 Qd6 20.b5 Ne5 21.Nc6 Nxd3 22.Nxd8 Nxc1
23.Bxc1 Bd5 24.f3 Rxd8 25.e4 Qb8 26.exd5 Nxd5 27.g3 Qa7+ 28.b6 Qd7 29.Qc2 Rb8
30.Rd4 Qb5 31.Rd3 Nxb6 32.Nxb6 Qxb6+ 33.Be3 Qb1+ 34.Qxb1 Rxb1+ 35.Kg2 Rb2+
36.Kh3 Rb8 37.Kg4 h5+ 38.Kf4 a4 39.Bd4 Bh6+ 40.Ke4 Rb1 41.Be3 Bxe3 42.Kxe3 Kf8
43.Rd4 Rb3+ 44.Rd3 Rb2 45.Rd2  1/2-1/2

[Event "XI Miquel Mas Open"]
[Site "Figueres ESP"]
[Date "2010.08.18"]
[Round "9"]
[White "Spielmann,Al"]
[Black "Alonso Rosell,A"]
[Result "0-1"]
[WhiteElo "2286"]
[BlackElo "2521"]

1.Nf3 d5 2.d4 c5 3.c4 dxc4 4.e3 cxd4 5.Bxc4 Qc7 6.Bb5+ Bd7 7.Bxd7+ Nxd7 8.Nxd4 e5
9.Nb3 Ngf6 10.O-O e4 11.Nc3 Bd6 12.h3 Be5 13.Bd2 O-O 14.Rc1 Qd6 15.Qc2 Rac8
16.Rfd1 Qe6 17.Nd4 Qe8 18.Qa4 Bb8 19.Nce2 Qe5 20.Ng3 Nc5 21.Qa5 Nd3 22.Qxe5 Bxe5
23.Rxc8 Rxc8 24.Nge2 Nxb2 25.Rb1 Nc4 26.Bc3 b6 27.Nf5 Re8 28.Rd1 g6 29.Nh6+ Kg7
30.Ng4 Nxg4 31.hxg4 Re7 32.g5 h6 33.Bxe5+ Nxe5 34.Ng3 hxg5 35.Nxe4 g4 36.Rd5 f5
37.Ng3 Kf6 38.Rd6+ Kf7 39.Rd5 Ke6 40.Rd2 Rd7 41.Rc2 Rd1+ 42.Kh2 Nd3 43.Ne2 Kd7
44.Kg3 a5 45.Nc3 Rc1 46.Rxc1 Nxc1 47.Kf4 Nd3+ 48.Kg5 Nxf2 49.Kxg6 Ke6 50.Ne2 Ke5
51.Ng3 Nd1 52.Nxf5 Nc3 53.Kg5 Nxa2 54.Kxg4 Nc3 55.Nd4 a4 56.Kf3 a3 57.g4 a2
58.Nb3 Kd5 59.e4+ Nxe4 60.Ke3 Nc5 61.Na1 Kc4 62.g5 Kc3  0-1

[Event "1st Campomanes Memorial Cup Open"]
[Site "Manila PHI"]
[Date "2010.08.31"]
[Round "5"]
[White "Laylo,D"]
[Black "Nadera,B"]
[Result "1-0"]
[WhiteElo "2522"]
[BlackElo "2419"]

1.d4 d5 2.Nf3 a6 3.c4 dxc4 4.e3 e6 5.Bxc4 b5 6.Bd3 Bb7 7.a4 c6 8.O-O Nf6
9.Qe2 Nbd7 10.e4 Be7 11.Nbd2 Qc7 12.e5 Nd5 13.Ne4 h6 14.Bd2 Qb6 15.Rfc1 bxa4
16.Rxa4 c5 17.dxc5 Nxc5 18.Nxc5 Bxc5 19.Ba5 Qa7 20.Rg4 h5 21.Rgc4 Bb6 22.Bd2 Rd8
23.Ng5 Bd4 24.Be4 Qb6 25.Nf3 Bxb2 26.Rb1 Qb3 27.Rc2 Qa4 28.Rcxb2 Nf4 29.Bxf4 Bxe4
30.Rb4 Bxf3 31.Qxf3  1-0

[Event "ch-RUS Higher League w"]
[Site "St Petersburg RUS"]
[Date "2010.09.02"]
[Round "8"]
[White "Ivakhinova,I"]
[Black "Bezgodova,M"]
[Result "1-0"]
[WhiteElo "2279"]
[BlackElo "2170"]

1.d4 d5 2.c4 dxc4 3.Nf3 a6 4.e3 b5 5.a4 Bb7 6.b3 cxb3 7.axb5 axb5 8.Rxa8 Bxa8
9.Bxb5+ c6 10.Bc4 e6 11.Qxb3 Nd7 12.O-O Ngf6 13.Nc3 Be7 14.e4 c5 15.e5 Ne4
16.d5 Nxc3 17.dxe6 fxe6 18.Qxc3 Bd5 19.Rd1 Nb6 20.Bb5+ Kf7 21.Be3 Qc7 22.Ng5+ Bxg5
23.Bxg5 Rc8 24.Bd3 h6 25.Bf4 Qc6 26.Bc2 Ke7 27.Qg3 g5 28.Bc1 Qb5 29.f4 Qc4
30.Bh7 Rh8 31.Bb1 Qb3 32.Qxb3 Bxb3 33.Rd6 Nd7 34.fxg5 Nxe5 35.Rb6 Bc4 36.Rb7+ Kd6
37.gxh6 Ng4 38.h7 Rf8 39.g3 Rf1+ 40.Kg2 Rf2+ 41.Kh3 Be2 42.Kh4 Rxh2+ 43.Kg5 Ne5
44.Bf4 Bf3 45.Rb8 Kd5 46.Rd8+  1-0

[Event "TCh-ROU Superliga"]
[Site "Baile Herculane ROU"]
[Date "2010.09.09"]
[Round "6"]
[White "Rogozenco,D"]
[Black "Thesing,M"]
[Result "1-0"]
[WhiteElo "2522"]
[BlackElo "2432"]

1.d4 d5 2.c4 dxc4 3.Nf3 a6 4.e3 b5 5.a4 Bb7 6.b3 e6 7.bxc4 bxc4 8.Bxc4 Nf6
9.O-O c5 10.Ba3 Nbd7 11.Nbd2 Be7 12.Rb1 Ra7 13.Nb3 Ne4 14.Qc2 O-O 15.Rfd1 cxd4
16.Bxe7 Qxe7 17.Rxd4 Nef6 18.Na5 Bxf3 19.gxf3 Rc8 20.Qd2 g6 21.Bf1 Rc5 22.Rd1 Rac7
23.Bxa6 Rg5+ 24.Kf1 Qc5 25.Bb5 Qf5 26.e4 Qh3+ 27.Ke2 Rxb5 28.axb5 e5 29.Rc4 Rxc4
30.Nxc4 Nh5 31.Qxd7 Nf4+ 32.Ke1 Qxf3 33.Qxf7+  1-0

[Event "39th Olympiad Men"]
[Site "Khanty-Mansiysk RUS"]
[Date "2010.09.22"]
[Round "2"]
[White "L'Ami,E"]
[Black "Bezgodov,A"]
[Result "1-0"]
[WhiteElo "2624"]
[BlackElo "2485"]

1.d4 d5 2.c4 dxc4 3.Nf3 a6 4.e3 b5 5.a4 Bb7 6.b3 cxb3 7.axb5 axb5 8.Rxa8 Bxa8
9.Bxb5+ c6 10.Bc4 e6 11.Qxb3 Nd7 12.O-O Ngf6 13.Ng5 Be7 14.e4 Qb8 15.Qa2 h6
16.Nxf7 Kxf7 17.Bxe6+ Ke8 18.Bf4 Qxf4 19.Qxa8+ Nb8 20.Nc3 Rf8 21.e5 Nd7 22.Bxd7+ Kxd7
23.Qb7+ Ke6 24.d5+ cxd5 25.Qxd5+ Kf5 26.Qd3+ Kg5 27.Nd5  1-0

[Event "OIS"]
[Site "Munich GER"]
[Date "2010.09.26"]
[Round "2"]
[White "Taube,H"]
[Black "Meister,P"]
[Result "0-1"]
[WhiteElo "2140"]
[BlackElo "2446"]

1.d4 d5 2.c4 dxc4 3.Nf3 a6 4.a4 Nf6 5.e3 Bg4 6.Bxc4 e6 7.Nbd2 Nc6 8.h3 Bh5
9.O-O Bd6 10.Be2 O-O 11.Nc4 Re8 12.Nxd6 cxd6 13.b3 Rc8 14.Ba3 Ne4 15.Rc1 Qa5
16.g4 Bg6 17.Qe1 d5 18.Ne5 Qxe1 19.Rfxe1 Nxe5 20.dxe5 Nd2 21.Bd1 Nb1 22.Rxc8 Rxc8
23.Bb4 Nc3 24.Bxc3 Rxc3 25.Re2 Rc1 26.Rd2 h5 27.Kh2 h4 28.g5 Be4 29.a5 Kh7
30.Rd4 Kg6 31.f3 Bf5 32.e4 dxe4 33.fxe4 Bxe4 34.Rxe4 Rxd1 35.Rxh4 Rd2+ 36.Kg1 Rd5
37.Rb4 Rxe5 38.Rxb7 Rxg5+ 39.Kf2 Rxa5  0-1

[Event "39th Olympiad Men"]
[Site "Khanty-Mansiysk RUS"]
[Date "2010.09.28"]
[Round "7"]
[White "Nguyen Duc Hoa"]
[Black "Huschenbeth,N"]
[Result "0-1"]
[WhiteElo "2385"]
[BlackElo "2461"]

1.d4 d5 2.c4 dxc4 3.Nf3 c5 4.e3 cxd4 5.exd4 Be6 6.Nc3 Nf6 7.Ne5 Nc6 8.Nxc6 bxc6
9.Qa4 Rc8 10.Be2 Qd7 11.O-O Bd5 12.Bg5 e6 13.b3 Ne4 14.Nxe4 Bxe4 15.bxc4 Bd6
16.Rfe1 Bb8 17.Rad1 O-O 18.Bg4 f5 19.Bh3 Qc7 20.g3 Qf7 21.Bc1 c5 22.Ba3 Qh5
23.Rxe4 fxe4 24.Bxe6+ Kh8 25.Bxc8 Qf3 26.Bh3 Qxf2+ 27.Kh1 e3 28.Rg1 e2 29.Qa5 Re8
30.Qe1 Qxd4 31.Bg2 Bc7 32.Bd5 h6 33.Rg2 Qd1 34.Rg1 Qxe1 35.Rxe1 Ba5 36.Rxe2 Rxe2
37.Bxc5 Bb6 38.Bd6 Rxa2 39.c5 Ra1+ 40.Kg2 Bxc5 41.Bxc5 Ra5 42.Bxa7 Rxd5 43.Bb8 h5
44.g4 h4 45.Kh3 g5 46.Bc7 Kg7 47.Kg2 Rd3 48.Be5+ Kf7 49.Bb8 Ke6 50.Bc7 Rd4
51.Kh3 Rd2 52.Ba5 Rd3+ 53.Kg2 Ke5 54.Bc7+ Ke4 55.Bb8 Rd7 56.Kh3  0-1

[Event "Tatry Open"]
[Site "Tatranske Zruby CZE"]
[Date "2010.10.04"]
[Round "3"]
[White "Koci,L"]
[Black "Briza,J"]
[Result "0-1"]
[WhiteElo "2003"]
[BlackElo "1919"]

1.d4 d5 2.c4 dxc4 3.Nf3 a6 4.a4 Bg4 5.Ne5 Bh5 6.g4 Bg6 7.Nc3 e6 8.Bg2 c6
9.h4 f6 10.Nxg6 hxg6 11.Qc2 f5 12.Bg5 Be7 13.Bxe7 Qxe7 14.h5 Qg5 15.hxg6 Rxh1+
16.Bxh1 Nd7 17.e4 Qxg4 18.Kf1 O-O-O 19.Bg2 Ne7 20.d5 exd5 21.exd5 f4 22.dxc6 f3
23.cxd7+ Rxd7 24.Bxf3 Qxf3 25.Ne2 Qh3+ 26.Kg1 Qg4+ 27.Ng3 Nxg6 28.Qf5 Qxf5
29.Nxf5 Nf4 30.Kf1 Rd2 31.Ne3 b5 32.axb5 axb5 33.Nd1 Nd3 34.Rb1 b4 35.Kg2 Rc2
36.Kf3 Kc7 37.Ke3 Kc6 38.Kd4 Kb5 39.b3 Nxf2 40.Nxf2 Rxf2 41.bxc4+ Ka4 42.Ra1+ Kb3
43.Rg1 Rd2+ 44.Kc5 Rd7 45.Kc6 Rf7 46.c5 Ka2 47.Rg4 b3 48.Ra4+ Kb1 49.Kd6 b2
50.Rg4 Ka2 51.Rg2 Ka1  0-1

[Event "Karen Asrian Memorial"]
[Site "Jermuk ARM"]
[Date "2010.10.13"]
[Round "9"]
[White "Eranyan,K"]
[Black "Mnatsakanian,E"]
[Result "1/2-1/2"]
[WhiteElo "2120"]
[BlackElo "2256"]

1.d4 d5 2.c4 dxc4 3.Nf3 a6 4.a4 Nf6 5.e3 Bg4 6.Bxc4 e6 7.O-O Nc6 8.Nc3 Bd6
9.Be2 O-O 10.Kh1 Qe8 11.e4 Rd8 12.Be3 Bc5 13.e5 Nd5 14.Bd3 Be7 15.Nxd5 exd5
16.Rc1 f5 17.Bb1 Qh5 18.h3  1/2-1/2

[Event "TCh-CZE 2010-11"]
[Site "Frydek Mistek CZE"]
[Date "2010.11.06"]
[Round "1.6"]
[White "Cerveny,M"]
[Black "Spacek,P"]
[Result "1/2-1/2"]
[WhiteElo "2317"]
[BlackElo "2408"]

1.d4 d5 2.c4 dxc4 3.Nf3 a6 4.e3 b5 5.a4 Bb7 6.b3 e6 7.axb5 axb5 8.Rxa8 Bxa8
9.bxc4 bxc4 10.Bxc4 Nf6 11.O-O Be7 12.Ba3 O-O 13.Bxe7 Qxe7 14.Qe2 c5 15.Nbd2  1/2-1/2

[Event "TCh-HUN 2010-11"]
[Site "Budapest HUN"]
[Date "2010.11.21"]
[Round "3"]
[White "Hando,V"]
[Black "Almasi,I"]
[Result "0-1"]
[WhiteElo "2308"]
[BlackElo "2397"]

1.d4 d5 2.Nf3 c5 3.c4 dxc4 4.d5 e6 5.e4 exd5 6.exd5 Bd6 7.Bxc4 Nf6 8.O-O O-O
9.Bg5 h6 10.Bh4 a6 11.a4 Bg4 12.Nbd2 Nbd7 13.Ne4 Be5 14.h3 Bxf3 15.Qxf3 Qb6
16.Qf5 Nxe4 17.Qxd7 Nd2 18.Bd3 Nxf1 19.Rxf1 Qd6 20.Qxb7 Rfb8 21.Qc6 Ra7 22.Re1 Rc7
23.Qxd6 Bxd6 24.Bxa6 g5 25.Bg3 Bxg3 26.fxg3 Rxb2 27.Bb5 Rd2 28.Bc6 c4 29.Rc1 c3
30.Rxc3 Rxd5 31.Rc4 Rd2 32.Kh2 Kg7 33.Kg1 Rd6 34.Bb5 Rxc4 35.Bxc4 Rd4 36.Bb5 f5
37.Kf2 Rd2+ 38.Kf3 Ra2 39.Bc6 Kf6 40.Ke3 Ke5 41.Kf3 h5 42.h4 g4+ 43.Ke3 Ra3+
44.Kf2 f4 45.gxf4+ Kxf4 46.Bd7 Ra2+ 47.Kf1 Kg3 48.Bc6 Kxh4  0-1

[Event "Vasylyshyn Memorial GM"]
[Site "Lviv UKR"]
[Date "2010.11.24"]
[Round "2"]
[White "Oleksienko,M"]
[Black "Semcesen,D"]
[Result "1/2-1/2"]
[WhiteElo "2559"]
[BlackElo "2449"]

1.d4 d5 2.c4 dxc4 3.Nf3 a6 4.a4 Nf6 5.e3 Bg4 6.Nbd2 e6 7.h3 Bh5 8.Bxc4 Nc6
9.g4 Bg6 10.Nh4 Bb4 11.Nxg6 hxg6 12.Qf3 Qe7 13.g5 Nd5 14.h4 O-O-O 15.Kf1 Kb8
16.Ne4 Na5 17.Ba2 f5 18.Nc3 Nxc3 19.bxc3 Bxc3 20.Rb1 e5 21.dxe5 Qxe5 22.Kg2 Qe8
23.Bd5 Rxd5 24.Qxd5 Qxa4 25.h5  1/2-1/2

[Event "FSFMA December"]
[Site "Budapest HUN"]
[Date "2010.12.12"]
[Round "9"]
[White "Csomor,V"]
[Black "Mayer,I"]
[Result "1/2-1/2"]
[WhiteElo "2084"]
[BlackElo "2049"]

1.d4 d5 2.c4 dxc4 3.Nf3 a6 4.e3 Bf5 5.Bxc4 e6 6.O-O Nf6 7.Nc3 Ne4 8.Qc2 Nxc3
9.Qxc3 Be7 10.Re1 b5 11.e4 Bg6 12.Bd3 Nd7 13.Qc6 O-O 14.Bf4 e5 15.Nxe5 Nxe5
16.Bxe5 f6 17.Bxc7 Qxd4 18.Qd5+ Qxd5 19.exd5 Bxd3 20.Rxe7 Rf7 21.Rxf7 Kxf7
22.d6 Bf5 23.Rd1 Bd7 24.f3 Re8 25.Kf2 Re6 26.Rd3 Re8 27.Ra3 Bc8 28.Rc3 Bd7
29.Bb6 Rc8 30.Re3 Re8 31.Ra3 Bc8 32.Rc3 Bd7 33.Bc7 Re6 34.Ra3 Bc8 35.Rd3 Bd7
36.Bd8 Ke8 37.Be7 b4 38.Rd4 b3 39.axb3 Bb5 40.Rg4 Re2+ 41.Kg3 Kf7 42.Rd4 Ke6
43.Bf8 g6 44.Be7 h5 45.Bxf6 Kxf6 46.d7 Bxd7 47.Rxd7 Rxb2 48.Rd6+ Kf5 49.Rd5+ Kf6
50.h4 Rxb3 51.Rd6+ Kf5 52.Rxa6 Rb4 53.Kh3 Rb3 54.Ra5+ Kf6 55.Kg3 Rc3 56.Ra4 Rc2
57.Rf4+ Kg7 58.Kh3 Rf2 59.g4 hxg4+ 60.Kxg4 Rg2+ 61.Kh3 Ra2 62.Rb4 Ra1 63.Kg4 Ra5
64.f4 Kf6 65.Rb6+ Kg7 66.Re6 Ra1 67.Re3 Ra5 68.Rf3 Rb5 69.Rh3 Kf6 70.Re3 Ra5
71.Re5 Ra1 72.h5 Rg1+ 73.Kf3 g5 74.Rxg5 Rxg5 75.fxg5+ Kxg5  1/2-1/2

[Event "European Rapid Championship"]
[Site "Warsaw POL"]
[Date "2010.12.19"]
[Round "13"]
[White "Swiech,Pr"]
[Black "Reprintsev,A"]
[Result "0-1"]
[WhiteElo "2207"]
[BlackElo "2359"]

1.d4 d5 2.c4 dxc4 3.Nf3 a6 4.a4 Nc6 5.e4 Bg4 6.Bxc4 e6 7.d5 Bxf3 8.Qxf3 Ne5
9.Qe2 Nxc4 10.Qxc4 exd5 11.exd5 Qe7+ 12.Be3 Qb4+ 13.Nd2 O-O-O 14.Rc1 Qxc4
15.Nxc4 Bb4+ 16.Ke2 Nf6 17.Rhd1 Kb8 18.Ne5 Rhf8 19.Rc4 Bd6 20.Nf3 Rfe8 21.Kf1 Re4
22.Rxe4 Nxe4 23.Bd4 Bf8 24.Ne5 f6 25.Nc4 Bb4 26.f3 Ng5 27.Ne3 Nf7 28.Nf5 Bf8
29.b4 b6 30.Bf2 g6 31.Nd4 Kb7 32.Nc6 Re8 33.b5 Bd6 34.a5 axb5 35.axb6 cxb6
36.Rb1 Ra8 37.g3 Bc7 38.Rxb5 Ra1+ 39.Kg2 Ra2 40.f4 Nd6 41.Rb3 Ne4 42.Rf3 Bd6
43.Kf1 Nd2+ 44.Ke2 Nxf3+ 45.Kxf3 Rd2 46.Nd8+ Ka6 47.Nc6 Rxd5 48.Bd4 f5 49.Be5 Kb5
50.Nd4+ Kc4 51.Nc6 Bxe5 52.fxe5 Kc5 53.Nb8 Rxe5 54.Nd7+ Kd4 55.Nxb6 Re7 56.Kf4 h6
57.Nc8 Re6 58.h4 Kc5 59.h5 Re4+ 60.Kf3 gxh5 61.Kf2 Re8  0-1

[Event "16th HIT Open"]
[Site "Nova Gorica SLO"]
[Date "2011.02.03"]
[Round "9"]
[White "Vovk,Y"]
[Black "Doric,D"]
[Result "1/2-1/2"]
[WhiteElo "2539"]
[BlackElo "2464"]

1.d4 d5 2.c4 dxc4 3.Nf3 a6 4.e3 b5 5.a4 Bb7 6.b3 e6 7.bxc4 bxc4 8.Ba3 Bxa3
9.Nxa3 Nf6 10.Nxc4 O-O 11.Be2 Nbd7 12.Qb3 Bd5 13.Qa3 c5 14.O-O Bxc4 15.Bxc4 Qa5
16.Rfc1 Rfc8 17.Qa2 h6 18.d5 exd5 19.Bxd5 Nxd5 20.Qxd5 Qc7 21.a5 Rab8 22.h3 Nf6
23.Qc4 Rb5 24.Nd4 Rxa5 25.Rxa5 Qxa5 26.Nf5 Rc7  1/2-1/2

[Event "1st Open"]
[Site "Cento ITA"]
[Date "2011.02.05"]
[Round "1"]
[White "Naumkin,I"]
[Black "De Andres Gonalons,F"]
[Result "1-0"]
[WhiteElo "2499"]
[BlackElo "2084"]

1.d4 d5 2.c4 dxc4 3.Nf3 c5 4.e3 e6 5.Bxc4 Nf6 6.O-O a6 7.a4 Nc6 8.Qe2 Qc7
9.Nc3 Bd6 10.h3 O-O 11.b3 e5 12.d5 Ne7 13.Bb2 Ng6 14.Ng5 Bf5 15.Bd3 Bxd3
16.Qxd3 h6 17.Nge4 Nxe4 18.Nxe4 f5 19.Nxd6 Qxd6 20.Rac1 Rf7 21.Qc4 b6 22.a5 bxa5
23.Ba3 f4 24.Bxc5 Qd7 25.d6 Kh7 26.exf4 Rxf4 27.Qd3 Rf6 28.Ba3 Ra7 29.Rfd1 Kh8
30.Qe4 Rb7 31.Rc3 Re6 32.Qxb7 Qxb7 33.d7  1-0

[Event "TCh-SWE Elitserien 2010-11"]
[Site "Sweden SWE"]
[Date "2011.02.05"]
[Round "7"]
[White "Andersson,Fred2"]
[Black "Degerman,L"]
[Result "1/2-1/2"]
[WhiteElo "2292"]
[BlackElo "2485"]

1.d4 d5 2.c4 dxc4 3.Nf3 a6 4.e3 e6 5.Bxc4 Nf6 6.O-O c5 7.dxc5 Bxc5 8.Qe2 b5
9.Bd3 Nc6 10.Nc3 Bb7 11.Rd1 Qb6 12.Ne4 Be7 13.Bd2 Nxe4 14.Bxe4 O-O 15.Rac1 Rfd8
16.a3 a5 17.Be1 h6 18.Bb1 b4 19.Qc2 g6 20.Rxd8+ Rxd8 21.Qb3 Rd6 22.axb4 axb4
23.Be4 Bf6 24.Bxc6 Rxc6 25.Rxc6 Bxc6 26.Qxb4 Qxb4 27.Bxb4 Bxb2 28.Bd6 f6
29.Kf1 Kf7 30.Ke2 g5 31.g3 e5 32.Ne1 Bc3 33.Nc2 Ke6 34.Bb4 Bb2 35.g4 Be8
36.f3 h5 37.h3 Bb5+ 38.Kf2 hxg4 39.hxg4 Bd3 40.Ne1 Bb1 41.Ke2 e4 42.fxe4 Bxe4
43.Nd3 Bxd3+  1/2-1/2

[Event "ch-Moscow S/F 2011"]
[Site "Moscow RUS"]
[Date "2011.03.27"]
[Round "9"]
[White "Ageichenko,G"]
[Black "Vorobjov,D"]
[Result "1-0"]
[WhiteElo "2357"]
[BlackElo "2275"]

1.d4 d5 2.c4 dxc4 3.Nf3 a6 4.a4 Nc6 5.e3 Bg4 6.Bxc4 e6 7.h3 Bh5 8.O-O Nf6
9.Be2 Be7 10.b3 O-O 11.Nbd2 Nd5 12.Bb2 Bb4 13.Rc1 Qe7 14.Nc4 f6 15.Ne1 Be8
16.Nd3 b5 17.Nxb4 Ndxb4 18.Nd2 bxa4 19.bxa4 Nd5 20.Nc4 Qd7 21.Ba3 Rf7 22.Bh5 g6
23.Bf3 Rb8 24.e4 Nb6 25.Bc5 Nxc4 26.Rxc4 Na5 27.Rb4 Rxb4 28.Bxb4 Nc6 29.Bc5 e5
30.Be2 Nxd4 31.Bc4 Qxa4 32.Bxf7+ Kxf7 33.Qd2 Bb5 34.Qh6 Ke6 35.Qxh7 Ne2+
36.Kh2 Qxe4 37.Qe7+ Kd5 38.Rd1+ Kc6 39.Be3 Kb7 40.Qc5 Nf4 41.f3 Qc6 42.Qa7+ Kc8
43.Rc1 Qd6 44.Qa8+ Kd7 45.Bxf4 exf4 46.Re1 Qd4 47.Qe8+ Kd6 48.Qxg6 Bc6 49.Qc2 Bd5
50.Rd1 Qe5 51.Qc4 Qg5 52.Qxa6+ c6 53.Qa3+ Kd7 54.Qa7+ Kd6 55.Qb8+ Kd7 56.Qb7+ Kd6
57.Qb4+ Kd7 58.Re1 c5 59.Qb5+ Kd6 60.Qb6+ Kd7 61.Ra1 Qg3+ 62.Kg1 Bxf3 63.Ra7+  1-0

[Event "Vorobets Memorial"]
[Site "Lviv UKR"]
[Date "2011.04.08"]
[Round "2"]
[White "Huda,Mary"]
[Black "Yildiz,B"]
[Result "1/2-1/2"]
[WhiteElo "2217"]
[BlackElo "2219"]

1.d4 d5 2.c4 dxc4 3.Nf3 a6 4.e3 b5 5.a4 Bb7 6.axb5 axb5 7.Rxa8 Bxa8 8.b3 e6
9.bxc4 bxc4 10.Bxc4 Nf6 11.O-O Bd6 12.Nc3 O-O 13.Nb5 Be7 14.Bb2 c6 15.Nc3 c5  1/2-1/2

[Event "Vorobets Memorial"]
[Site "Lviv UKR"]
[Date "2011.04.12"]
[Round "8"]
[White "Soloviova,L"]
[Black "Yildiz,B"]
[Result "1-0"]
[WhiteElo "2318"]
[BlackElo "2219"]

1.d4 d5 2.c4 dxc4 3.Nf3 a6 4.e3 b5 5.a4 Bb7 6.b3 e6 7.bxc4 bxc4 8.Bxc4 Nf6
9.O-O Nbd7 10.a5 c5 11.Nbd2 cxd4 12.exd4 Be7 13.Qe2 O-O 14.Bd3 Nd5 15.Ne4 Nb4
16.Ba3 Nxd3 17.Qxd3 Bxa3 18.Rxa3 Nf6 19.Ned2 Qd5 20.Re1 Rac8 21.h3 Rfd8 22.Re5 Rc1+
23.Kh2 Qd6 24.g3 Qxd4 25.Qxd4 Rxd4 26.g4 h6 27.Nxd4 Rh1+ 28.Kg3 Rg1+ 29.Kf4 Nd5+
30.Rxd5 Bxd5 31.Ke3 Rh1 32.Ke2 Bg2 33.Rg3 Bxh3 34.N4b3 f5 35.gxf5 exf5 36.Rg6 h5
37.Rxa6 h4 38.Rc6 Bg2 39.Rc1 Rxc1 40.Nxc1 h3 41.Nf3 g5 42.a6 g4 43.Nh2 Kf7
44.Ke3 Ke6 45.Kf4 Kd6 46.Kxf5 Kc7 47.Kxg4 Be4 48.Kxh3 Kb6 49.Nb3 Bf5+ 50.Kh4 Kxa6
51.f4 Kb6 52.Nd4 Be4 53.Ng4 Kc5 54.Ne2 Kd6 55.Kg5 Ke7 56.Nc3 Bd3 57.Nf2 Bh7
58.Nfe4 Ke6 59.Nf6 Bc2 60.Nfe4 Kf7 61.f5 Bd3 62.f6 Bc2 63.Kf5 Bd3 64.Ke5 Bc2
65.Nd5 Bb3 66.Ng5+ Kg6 67.f7 Kg7 68.Ke6  1-0

[Event "Duflex Cup IM 2011"]
[Site "Frydek Mistek CZE"]
[Date "2011.04.21"]
[Round "3"]
[White "Michenka,J"]
[Black "Wiley,To"]
[Result "1/2-1/2"]
[WhiteElo "2359"]
[BlackElo "2297"]

1.d4 d5 2.c4 dxc4 3.Nf3 a6 4.e3 b5 5.a4 Bb7 6.b3 e6 7.axb5 axb5 8.Rxa8 Bxa8
9.bxc4 bxc4 10.Qa4+ Bc6 11.Qxc4 Bxf3 12.gxf3 Nf6 13.Rg1 g6 14.Nc3 Nbd7 15.f4 Be7
16.d5 exd5 17.Nxd5 Nxd5 18.Qxd5 Bb4+ 19.Ke2 O-O 20.f5 Nb6 21.Qxd8 Rxd8 22.h4 Nd7
23.h5 Ne5 24.fxg6 hxg6 25.hxg6 Nxg6 26.Bh3 Kf8 27.Bf5 Ne7 28.Bc2 Nd5 29.e4 Nc3+
30.Kf3 Nb5 31.Bh6+ Ke7 32.Bg5+ f6 33.Be3 Nd4+ 34.Bxd4 Rxd4 35.Rg7+ Kd6 36.Rf7 Rc4
37.Rxf6+ Ke7 38.Rf7+ Kxf7 39.Bb3 Kf6 40.Bxc4 Ke5 41.Bd5 Bd2 42.Kg4 Bc1 43.f3  1/2-1/2

[Event "ch-DEN"]
[Site "Odense DEN"]
[Date "2011.04.21"]
[Round "6"]
[White "Bekker Jensen,S"]
[Black "Pedersen,Stef"]
[Result "1/2-1/2"]
[WhiteElo "2397"]
[BlackElo "2417"]

1.d4 d5 2.c4 dxc4 3.Nf3 a6 4.a4 Nf6 5.e3 Bg4 6.Bxc4 e6 7.Nc3 Nc6 8.O-O Bd6
9.Be2 O-O 10.Nd2 Bxe2 11.Qxe2 e5  1/2-1/2